000 00265nam a2200109Ia 4500
008 190907s9999||||xx |||||||||||||| ||und||
100 _aChappell,Laure
245 0 _aCisco Router Configuration
260 _aIndia
_bThe McGraw-Hill
_c1998
300 _a534
942 _cBK
999 _c6368
_d6368